| 000 | 00544nam a2200193 a 4500 | ||
|---|---|---|---|
| 001 | 000041349 | ||
| 005 | 20201002034818.0 | ||
| 008 | 131001s2002 sp 000 0 spa d | ||
| 020 | _a8495501589 | ||
| 040 |
_aDO-SdBNP _bspa _cBNPHU |
||
| 082 |
_axxx _bxxx |
||
| 100 | 1 |
_aBenedetti, Mario _934313 |
|
| 245 | 1 | 3 |
_aLa sirena viuda. / _cMario Benedetti. |
| 250 | _a4ta. ed. | ||
| 260 |
_aMadrid : _bSantillana ediciones generales, _c2002. |
||
| 300 |
_a216 p. ; _c18 cm. |
||
| 490 | 1 |
_aPunto de lectura _v48 |
|
| 830 | 0 |
_aPunto de lectura _v48 _93047 |
|
| 999 |
_c40839 _d40839 |
||